UBT Library

Japanese landscapes : (Record no. 39924)

000 -LEADER
fixed length control field 00861cam a2200253 a 4500
001 - CONTROL NUMBER
control field 4979282
005 - DATE AND TIME OF LATEST TRANSACTION
control field 20180109074517.0
008 - FIXED-LENGTH DATA ELEMENTS--GENERAL INFORMATION
fixed length control field 980304s1998 kyuab b 001 0 eng
010 ## - LIBRARY OF CONGRESS CONTROL NUMBER
LC control number 98016082
020 ## - INTERNATIONAL STANDARD BOOK NUMBER
International Standard Book Number 081312090X (cloth : alk. paper)
040 ## - CATALOGING SOURCE
Original cataloging agency DLC
Transcribing agency DLC
Modifying agency DLC
041 ## - LANGUAGE CODE
Language code of text/sound track or separate title eng
043 ## - GEOGRAPHIC AREA CODE
Geographic area code a-ja---
080 ## - UNIVERSAL DECIMAL CLASSIFICATION NUMBER
Universal Decimal Classification number 952
082 00 - DEWEY DECIMAL CLASSIFICATION NUMBER
Classification number 952 MAT
Edition number 21
100 1# - Rafti
Rafti 42
101 ## - Shkurtesa
Shkurtesa GJEO
245 10 - TITLE STATEMENT
Title Japanese landscapes :
Statement of responsibility, etc by Cotton Mather, P.P. Karan, and Shigeru Iijima.
504 ## - BIBLIOGRAPHY, ETC. NOTE
Bibliography, etc Includes bibliographical references (p. 93-95) and index.
906 ## - LOCAL DATA ELEMENT F, LDF (RLIN)
a 7
b cbc
c orignew
d 1
e ocip
f 19
g y-gencatlg
942 ## - ADDED ENTRY ELEMENTS (KOHA)
Source of classification or shelving scheme
Item type Books
Holdings
Withdrawn status Lost status Source of classification or shelving scheme Damaged status Not for loan Collection code Permanent location Current location Shelving location Date acquired Total Checkouts Full call number Barcode Date last seen Price effective from Koha item type
          Koleksioni i përgjithshem UBT - Lipjan UBT - Lipjan Koleksioni i përgjithshem 01/09/2018   952 MAT 002-2995207 01/09/2018 01/09/2018 Books
UBT Library © 2015-2024. All rights reserved University Education for Business and Technology